| 000 | 01262nam a22002537a 4500 | ||
|---|---|---|---|
| 003 | PE SENCICO BE | ||
| 005 | 20260227163638.0 | ||
| 008 | 251218b |||||||| |||| 00| 0 eng d | ||
| 040 |
_aPE SENCICO BE _cPE SENCICO BE |
||
| 041 | _aspa | ||
| 082 |
_a692.5 _bC29 _c1993 |
||
| 100 | 1 |
_aCastillo Aristondo, Rodolfo _9164 _eautor |
|
| 245 | 1 |
_aFórmulas polinómicas de reajuste automático en obras de construcción / _cRodolfo Castillo Aristondo |
|
| 250 | _a2a ed. | ||
| 260 |
_aLima : _bCAPECO ; _c1993 |
||
| 300 |
_a130 páginas : _btablas, diagramas ; _c29 cm. x 21 cm. |
||
| 505 | 0 | _a Introducción al sistema de reajuste de precios -- Descripción de la fórmula -- Algunos artículos del rulcop relacionados con la fórmula polinómica -- Texto Único ordenado del D.S. -- Normas para la elaboración de fórmulas -- Normas para el cálculo de reajustes -- Comentarios sobre el reajuste cuando se otorga un adelanto -- Dispositivos legales de pago con bonos -- Factores de reajuste en obras de edificación del sector no público. | |
| 650 | 1 | 0 |
_aIndustria de la construcción _9355 |
| 650 | 2 | 0 |
_aCostos de construcción _9120 |
| 650 | 2 | 0 |
_aFórmulas polinómicas _9368 |
| 650 | 2 | 0 |
_aPUB CAPECO _9515 |
| 910 | _ahfp | ||
| 942 |
_2ddc _cLIB |
||
| 999 |
_c9795 _d9795 |
||